Statistics for Countries of the World in 1250 with a Map

Click here to take the quiz!

General Stats

  • This quiz has been taken 4,320 times
  • The average score is 53 of 507

Answers on the Map

Answers color-coded by a green-red scale on the quiz's map according to % correct below.
 

Answer Stats

Countries% Correct
Mongol Empire
93%
England
89%
Japan
89%
Norway
87%
Song
87%
Sweden
87%
Goryeo
86%
Scotland
86%
Holy Roman Empire
85%
Denmark
83%
Portugal
82%
Iceland
77%
Hungary
75%
Mamluks
75%
France (royal domain)
72%
Wales
71%
Bulgaria
69%
Moro
68%
Sicily
65%
Castile
64%
Greater Poland
64%
Poland
64%
Aragon
63%
Almohad Caliphate
62%
Rus
61%
Serbia
61%
Papal States
60%
Brittany
59%
Khmer Empire
59%
Marinids
59%
Vietnam
59%
Oman
57%
Tunis
56%
Venice
56%
Latin Empire
55%
Lithuania
55%
Rasulids
55%
Ma-i
54%
East Georgia
53%
West Georgia
53%
Cusco
51%
Granada
47%
Kathmandu
47%
Pagan
47%
Fars
46%
Mali
46%
Novgorod
45%
Cyprus
44%
Mayapan
43%
Athens
41%
Bosnia
41%
Navarre
39%
39%
Hawaii
37%
Maldives
37%
Rum
37%
Delhi
36%
Ethiopia
35%
Burgundy
33%
Zimbabwe
31%
Flanders
30%
Mam
30%
San Marino
30%
The Isles
30%
Jerusalem
27%
Teutonic Order
26%
Tu'i Tonga
26%
Brunei
25%
Riga (archbishopric)
25%
Riga (city)
25%
Tripoli
25%
Abbasid Caliphate
24%
Bar
23%
Easter Island
23%
Epirus
22%
Gotland
22%
Trebizond
21%
Toulouse
20%
Bordeaux
19%
Samoa
18%
Gujarat
16%
Minsk
16%
Pskov
16%
Smolensk
16%
Masovia
15%
Oahu
15%
Anjou
14%
Antioch
14%
Benin
14%
Maui
14%
Ryazan
14%
Ryukyu
14%
Sindh
14%
Connacht
13%
Vladimir
13%
Ayyubids
12%
Kashmir
12%
Nicaea
12%
Pomerania
12%
Bali
11%
Champagne
11%
Couto Misto
11%
Orkney
11%
Ravenna
11%
Rostov
11%
Tlemcen
11%
Urbino
11%
Auvergne
10%
Bourbonnais
10%
Cilicia
10%
Kanem
10%
Nevers
10%
Pisa
10%
Taranto
10%
Achaea
9%
Ancona
9%
Chola
9%
Desmond
9%
Kauai
9%
Maine
9%
O'Cahan
9%
Tyrone
9%
Cebu
8%
Yaroslavl
8%
Artois
7%
Belozersk
7%
Dali
7%
Goa
7%
Opole-Racibórz
7%
Polotsk
7%
Reims
7%
Rimini
7%
Sama
7%
Sunda
7%
Touraine
7%
Vijaya
7%
Arakan
6%
Arborea
6%
Béarn
6%
Blois
6%
Chernigov
6%
Dorpat
6%
Makuria
6%
Mogadishu
6%
Ösel-Wiek
6%
Perugia
6%
Poitou
6%
Thomond
6%
Wrocław
6%
Adal
5%
Alodia
5%
Armagnac
5%
Berry
5%
Bryansk
5%
Halland
5%
Karaman
5%
Kilwa
5%
Kursk
5%
Malwa
5%
Molokai
5%
Narbonne
5%
Pandya
5%
Samogitia
5%
Tyrconnell
5%
Urgell
5%
Volhynia
5%
Chimor
4%
Cutch
4%
Dhundhar
4%
Kano
4%
La Marche
4%
Limoges
4%
Manipur
4%
Pinsk
4%
Spoleto
4%
Tondo
4%
Turov
4%
Valois
4%
Vitebsk
4%
Ahom
3%
Angoulême
3%
Artsakh
3%
Bayonne
3%
Bourges
3%
Butuan
3%
Eastern Ganga
3%
Eu
3%
Forli
3%
Gao
3%
Hoysalla
3%
Jaffna
3%
Kitara
3%
Kochi
3%
Kutai
3%
Lavo
3%
Legnica
3%
Logudoro
3%
Luwu
3%
Makran
3%
Marwar
3%
Medapata
3%
Murom
3%
Pereyaslavl
3%
Pereyaslavl-Zalessky
3%
Perigord
3%
Sukhothai
3%
Twipra
3%
Airgíalla
2%
Alamut
2%
Albret
2%
Assisi
2%
Auxerre
2%
Bigorre
2%
Bohol
2%
Bono
2%
Buch
2%
Cana
2%
Cesena
2%
Châlons
2%
Chutia
2%
Comminges
2%
Dax
2%
Devagiri
2%
Dharmasraya
2%
Dimasa
2%
Empúries
2%
Faenza
2%
Fermanagh
2%
Fermo
2%
Galich
2%
Garha
2%
Garhwal
2%
Hsenwi
2%
Igorot
2%
Imola
2%
Jaisalmer
2%
Kakatiya
2%
Kangra
2%
Kartids
2%
Kedah
2%
Kiche
2%
Kostroma
2%
Kozhikode
2%
Kumaon
2%
Kuyavia
2%
Langres
2%
Laon
2%
Lutsk
2%
Madja-as
2%
Medri Bahri
2%
Nri
2%
Order of Assassins
2%
Orvieto
2%
Owo
2%
Pahang
2%
Pallars Sobirà
2%
Pohnpei
2%
Ponthieu
2%
Rethel
2%
Rieti
2%
Rzhev
2%
Saintonge
2%
Semien
2%
Severin
2%
Sgnarobug
2%
Showa
2%
Sora
2%
Sumba
2%
Sumbawa
2%
Venad
2%
Viterbo
2%
Wogodogo
2%
Yazd
2%
Yotvingia
2%
Zazzau
2%
Abui
1%
Acalae
1%
Acatic
1%
Acolman
1%
Akure
1%
Albarracín
1%
Amaravati
1%
Amaxocotlán
1%
Amecan
1%
Amollan
1%
Arababni
1%
Atenquilitl
1%
Atiati
1%
Atotonilco
1%
Autlán
1%
Awakatec
1%
Ayahualican
1%
Badibu
1%
Banawa
1%
Bantaeng
1%
Banu Kanz
1%
Banu Sulaym
1%
Batauga
1%
Bavands
1%
Beaumont
1%
Belz
1%
Bernusa
1%
Beruas
1%
Biram
1%
Bocco Tallu
1%
Bungabali
1%
Bytom
1%
Cackchiquel
1%
Camerino
1%
Canchi
1%
Cara-cara
1%
Caranga
1%
Cervia
1%
Chalco
1%
Chamba
1%
Chapuli
1%
Charca
1%
Chaudand
1%
Chicha
1%
Chobanids
1%
Chortis
1%
Chudasama
1%
Chuis
1%
Chuj
1%
Cina
1%
Citlaltepec
1%
Città di Castello
1%
Colla
1%
Couserans
1%
Cuauhnahuac
1%
Cuauhuacon
1%
Cubulco
1%
Cutzallan
1%
Daju
1%
Dambadeniya
1%
Damot
1%
Dapitan
1%
Dawro
1%
Daya
1%
Deva
1%
Dizaq
1%
Dmitrov
1%
Donji Kraji
1%
Dreux
1%
Drutsk
1%
Dubrovytsia
1%
Etzatlán
1%
Fada N'Gourma
1%
Fatagar
1%
Fominsk
1%
Glukhov
1%
Gojjam
1%
Guachinango
1%
Hadiya
1%
Hamamshen
1%
Hariphunchai
1%
Huaxtepec
1%
Hueypoxtlan
1%
Inderajati
1%
Indrapura
1%
Izquintepeque
1%
Jailolo
1%
Joigny
1%
Kamaru
1%
Kamata
1%
Kanjobal
1%
Karachev
1%
Karunagappalli
1%
Kauthara
1%
Kayamkulam
1%
Kengtung
1%
Khasa
1%
Kolathunadu
1%
Konawe
1%
Kottayam
1%
Kozelsk
1%
Kupang
1%
Kurungott
1%
Langkasuka
1%
Linge
1%
Lotsk
1%
Luhak
1%
Lukoml
1%
Lupaca
1%
Lutao
1%
Magba
1%
Manjung
1%
Mbum
1%
Melahuacan
1%
Mexticacan
1%
Minahasa
1%
Mita
1%
Mitic
1%
Mixistlan
1%
Mongkawng
1%
Mongmit
1%
Montfort
1%
Mstsislaw
1%
Muangs
1%
Munaseli
1%
Myetschobozhe
1%
Nan Sarunai
1%
Ndiyi
1%
Ngoenyang
1%
Niebla
1%
Noyon
1%
Nungu
1%
Nunusaku
1%
Nyani
1%
Nyumi
1%
Ogwashi-Uku
1%
Otatlán
1%
Pacaje
1%
Palo
1%
Pandai
1%
Pandalam
1%
Panduranga
1%
Pariangan
1%
Perlak
1%
Petlacalco
1%
Phayao
1%
Poqomam
1%
Pronsk
1%
Purakkad
1%
Putyvl
1%
Quillaca
1%
Ranastambhapura
1%
Randattara
1%
Rawis
1%
Rizim
1%
Rumbati
1%
Rylsk
1%
Santubong
1%
Selimbau
1%
Sepauk
1%
Shilahara
1%
Shumsk
1%
Siang
1%
Siguntur
1%
Sikka
1%
Silat
1%
Slutsk
1%
Snovsk
1%
Starodub
1%
Stepan
1%
Suket
1%
Sungai Pagu
1%
Suwawa
1%
Sylhet
1%
Tabulahan
1%
Takrur
1%
Takuranga
1%
Tallo
1%
Tambralinga
1%
Tanjungpuri
1%
Tartas
1%
Tarusa
1%
Tecpatitlán
1%
Tekkumkur
1%
Tenkodogo
1%
Tenmalappuram
1%
Teotitlán
1%
Tepeyacac
1%
Tepoztlán
1%
Tidung
1%
Tojolabal
1%
Tolucan
1%
Tomatlán
1%
Tonallan
1%
Tonnerre
1%
Toraja
1%
Toropets
1%
Totonacapan
1%
Trang
1%
Trubchevsk
1%
Tumapel
1%
Tursan
1%
Tyeyer
1%
Tzutijil
1%
Uglich
1%
Usora
1%
Uspantán
1%
Ustyug
1%
Uyunids
1%
Vadakkumkur
1%
Valluvanad
1%
Velay
1%
Vijaypur
1%
Vyazma
1%
Wawono
1%
Welayta
1%
Wolio
1%
Wuli
1%
Xalisco
1%
Xilotepec
1%
Xinca
1%
Xochipilan
1%
Yautepec
1%
Yodzocoo
1%
Yucu Chatola
1%
Yucu Dzaa
1%
Yuryev
1%
Zakarids
1%
Zamfara
1%
Zandana
1%
Zondoma
1%
Zoque
1%

Score Distribution

Percentile by Number Answered

Percent of People with Each Score

Your Score History

You have not taken this quiz